The management of a small holder durian at sankat prey thom, khan keb, keb city, ការគ្រប់គ្រងដំណាំធូរេនជាលក្ខណៈគ្រួសារនៅសង្កាត់ព្រៃធំ ខណ្ឌកែប ក្រុងកែប (Record no. 4595)
[ view plain ]
| 000 -LEADER | |
|---|---|
| fixed length control field | 00646nam a22001577a 4500 |
| 003 - CONTROL NUMBER IDENTIFIER | |
| control field | OSt |
| 005 - DATE AND TIME OF LATEST TRANSACTION | |
| control field | 20151218152815.0 |
| 008 - FIXED-LENGTH DATA ELEMENTS--GENERAL INFORMATION | |
| fixed length control field | 151216b xxu||||| |||| 00| 0 eng d |
| 040 ## - CATALOGING SOURCE | |
| Transcribing agency | RUA |
| 082 ## - DEWEY DECIMAL CLASSIFICATION NUMBER | |
| Classification number | AED HEM 2007 B224 Or.1 |
| 100 ## - MAIN ENTRY--PERSONAL NAME | |
| 9 (RLIN) | 4946 |
| Personal name | HEM, SARAN. |
| 245 ## - TITLE STATEMENT | |
| Title | The management of a small holder durian at sankat prey thom, khan keb, keb city, ការគ្រប់គ្រងដំណាំធូរេនជាលក្ខណៈគ្រួសារនៅសង្កាត់ព្រៃធំ ខណ្ឌកែប ក្រុងកែប |
| 260 ## - PUBLICATION, DISTRIBUTION, ETC. (IMPRINT) | |
| Place of publication, distribution, etc. | Phnom Penh |
| Name of publisher, distributor, etc. | RUA |
| Date of publication, distribution, etc. | 2007 |
| 300 ## - PHYSICAL DESCRIPTION | |
| Extent | ix, 43p. |
| Other physical details | ill. |
| Dimensions | 29cm. |
| 942 ## - ADDED ENTRY ELEMENTS (KOHA) | |
| Source of classification or shelving scheme | |
| Koha item type | AED |
| Price effective from | Date last seen | Permanent Location | Not for loan | Date acquired | Source of classification or shelving scheme | Koha item type | Lost status | Withdrawn status | Date last checked out | Total Checkouts | Shelving location | Damaged status | Barcode | Current Location | Full call number |
|---|---|---|---|---|---|---|---|---|---|---|---|---|---|---|---|
| 2015-12-16 | 2015-12-16 | Library Block B | 2015-12-16 | AED | B224 | RUA030272 | Library Block B | AED HEM 2007 B224 Or.1 | |||||||
| 2015-12-16 | 2017-10-22 | Library Block B | 2015-12-16 | AED | 2017-08-29 | 1 | B224 | RUA043120 | Library Block B | AED HEM 2007 B224 Or.2 | |||||
| 2015-12-16 | 2015-12-16 | Library Block B | 2015-12-16 | AED | B224 | RUA41444 | Library Block B | AED HEM 2007 B224 Or.3 | |||||||
| 2015-12-16 | 2015-12-16 | Library Block B | 2015-12-16 | AED | B224 | RUA043178 | Library Block B | AED HEM 2007 B224 Or.4 | |||||||
| 2015-12-16 | 2015-12-16 | Library Block B | 2015-12-16 | AED | B224 | RUA043000 | Library Block B | AED HEM 2007 B224 Or.4 | |||||||
| 2015-12-16 | 2025-03-10 | Library Block B | 2015-12-16 | AED | 2025-02-06 | 1 | B224 | RUA41146 | Library Block B | AED HEM 2007 B224 Or.5 | |||||
| 2015-12-16 | 2023-08-21 | Library Block B | 2015-12-16 | AED | 2023-08-09 | 1 | B224 | RUA40841 | Library Block B | AED HEM 2007 B224 Or.6 | |||||
| 2015-12-16 | 2018-11-13 | Library Block B | 2015-12-16 | AED | 2018-11-02 | 1 | B224 | RUA41442 | Library Block B | AED HEM 2007 B224 Or.7 | |||||
| 2015-12-18 | 2015-12-18 | Library Block B | 2015-12-18 | AED | B224 | RUA034462 | Library Block B | AED HEM 2007 B224 Or.8 |